Statistics for The Soldier's Song Quiz

Click here to take the quiz!

General Stats

  • This quiz has been taken 13 times
  • The average score is 41 of 58

Answer Stats

English Lyrics% Correct
a
100%
a
100%
are
100%
are
100%
no
100%
the
100%
the
100%
the
100%
the
100%
we,
100%
we
100%
be
86%
Ireland,
86%
lives
86%
soldiers'
86%
Soldiers
86%
song.
86%
to
86%
to
86%
ancient
71%
and
71%
beyond
71%
chant
71%
free,
71%
from
71%
In
71%
land
71%
more
71%
or
71%
or
71%
our
71%
pledged
71%
sireland,
71%
wave
71%
whose
71%
cause,
57%
come
57%
come
57%
despot
57%
have
57%
man
57%
rifles'
57%
Shall
57%
shelter
57%
slave.
57%
Some
57%
Sworn
57%
Tonight
57%
weal,
57%
We'll
57%
woe
57%
bearna
43%
bhaoil,
43%
cannons'
43%
Erin's
43%
'Mid
43%
peal,
43%
roar
43%

Score Distribution

Percentile by Number Answered

Percent of People with Each Score

Your Score History

You have not taken this quiz